| 000 | 00722nam a2200193 i 4500 | ||
|---|---|---|---|
| 001 | 187162 | ||
| 003 | SpMaBN | ||
| 005 | 20230906222830.0 | ||
| 008 | 170426s1943 esscf |||| |bspa d | ||
| 080 | _a929:61 Semmelweis | ||
| 100 | 1 |
_aMalade, Theo. _9162466 |
|
| 245 | 1 | 0 |
_aSemmelweis _b: el salvador de las madres : [la novela de una vida médica] / _cTheo Malade ; [prólogo y notas del Dr. M. Carreras]. |
| 250 | _a1ª ed. | ||
| 260 |
_aMadrid : _bMorata, _c1943. |
||
| 300 |
_a172 p., [4] h. de lám. ; _c24 cm. |
||
| 504 | _aBibliografía: p. [172] | ||
| 600 | 1 | 4 |
_aSemmelweis, Ignác Fülöp ( _d1818-1865) _9162465 |
| 852 |
_aES-MaACL _jL-31491 _z. - Donat. herederos de la bibl. de Mª del Pilar Costa Palacín |
||
| 999 |
_c187162 _d187162 |
||